000
00278nam a22001217a 4500
008
170221b xxu||||| |||| 00| 0 eng d
041
_a
eng
080
_a
615
100
_a
5
101
_a
SHF
245
_a
PHYSCIANS PHARMACISTS GUIDE MEDICINE
_c
SHIDERMAN.F.E
942
_2
udc
_c
BK
999
_c
5988
_d
5988